000
00315nam a22001337a 4500
020
_a
0-00-692812-9
082
_a
823
_b
KEE/M
100
_a
KEENE, CAROLYN
245
_a
NANCY DREW
_b
MYSTERY OF THE GLOWING EYE
260
_a
LONDON
_b
ARMADA
_c
1992
300
_a
154
650
_a
STORY BOOK
_z
UNITED KINGDOM
942
_c
BK
999
_c
3420
_d
3420